<?xml version="1.0" encoding="UTF-8"?>
<collection xmlns="http://www.loc.gov/MARC21/slim">
 <record>
  <leader>01033nam#a2200349#c#4500</leader>
  <controlfield tag="001">UMA-000252</controlfield>
  <controlfield tag="003">UMA</controlfield>
  <controlfield tag="008">260223suuuu####   ##########||||#0#spa#d</controlfield>
  <controlfield tag="005">20260224    154318</controlfield>
  <datafield tag="020" ind1="#" ind2="#">
   <subfield code="a">8423976076</subfield>
  </datafield>
  <datafield tag="041" ind1="0" ind2=" ">
   <subfield code="a">spa</subfield>
  </datafield>
  <datafield tag="044" ind1="#" ind2="#">
   <subfield code="a">sp</subfield>
  </datafield>
  <datafield tag="082" ind1="0" ind2="4">
   <subfield code="a">SEDE CENTRAL 700 HIS</subfield>
  </datafield>
  <datafield tag="245" ind1="0" ind2="0">
   <subfield code="a">Historia del arte</subfield>
  </datafield>
  <datafield tag="264" ind1="#" ind2="0">
   <subfield code="a">España</subfield>
   <subfield code="b">Espasa Calpe, S. A.</subfield>
   <subfield code="c">1999</subfield>
  </datafield>
  <datafield tag="300" ind1="#" ind2="#">
   <subfield code="a">1400 páginas</subfield>
   <subfield code="b">Ilustrado ; color</subfield>
   <subfield code="c">25 x 19 cm</subfield>
   <subfield code="e">CD 3052</subfield>
  </datafield>
  <datafield tag="336" ind1="#" ind2="#">
   <subfield code="a">texto</subfield>
   <subfield code="b">txt</subfield>
   <subfield code="2">rdacontent</subfield>
  </datafield>
  <datafield tag="337" ind1="#" ind2="#">
   <subfield code="a">no mediado</subfield>
   <subfield code="b">n</subfield>
   <subfield code="2">rdamedia</subfield>
  </datafield>
  <datafield tag="338" ind1="#" ind2="#">
   <subfield code="a">volumen</subfield>
   <subfield code="b">nc</subfield>
   <subfield code="2">rdacarrier</subfield>
  </datafield>
  <datafield tag="500" ind1="#" ind2="#">
   <subfield code="a">Colección Espasa Siglo XXI</subfield>
  </datafield>
  <datafield tag="650" ind1="#" ind2="0">
   <subfield code="a">Historia del arte</subfield>
  </datafield>
  <datafield tag="650" ind1="#" ind2="0">
   <subfield code="a">Arte precolombino</subfield>
  </datafield>
  <datafield tag="650" ind1="#" ind2="0">
   <subfield code="a">Grecia</subfield>
  </datafield>
  <datafield tag="650" ind1="#" ind2="0">
   <subfield code="a">Estruria y Roma</subfield>
  </datafield>
  <datafield tag="650" ind1="#" ind2="0">
   <subfield code="a">Arte románico</subfield>
  </datafield>
  <datafield tag="650" ind1="#" ind2="0">
   <subfield code="a">Arte gótico</subfield>
  </datafield>
  <datafield tag="650" ind1="#" ind2="0">
   <subfield code="a">Bizancio</subfield>
  </datafield>
  <datafield tag="650" ind1="#" ind2="0">
   <subfield code="a">Renacimiento</subfield>
  </datafield>
  <datafield tag="650" ind1="#" ind2="0">
   <subfield code="a">Barroco</subfield>
  </datafield>
  <datafield tag="650" ind1="#" ind2="0">
   <subfield code="a">Rococó y neoclasicismo</subfield>
  </datafield>
  <datafield tag="650" ind1="#" ind2="0">
   <subfield code="a">Donación Irene Jusza</subfield>
  </datafield>
  <datafield tag="700" ind1="0" ind2="#">
   <subfield code="a">Enrique Arias Anglés, Isidro G. Torviso, Cristóbal Belda Navarro, Gonzalo M. Borrás Gualis...</subfield>
   <subfield code="e">Coautores</subfield>
  </datafield>
 </record>
</collection>
